Glutatión a pôsobenie cytostatík
Guardado en:
| Autor principal: | |
|---|---|
| Formato: | Libro |
| Lenguaje: | eslovaco |
| Publicado: |
Bratislava
FCHPT STU
2008
|
| Materias: | |
| Acceso en línea: | Ver en el OPAC |
| Etiquetas: |
Sin Etiquetas, Sea el primero en etiquetar este registro!
|
MARC
| LEADER | 00000nam a2200000 a 4500 | ||
|---|---|---|---|
| 005 | 20260127134350.0 | ||
| 008 | 090421 2008 xo 000 0 slo d | ||
| 035 | |a vtls009494035 | ||
| 039 | 9 | |y 200904211132 |z mschk03 | |
| 040 | |a STUSCHK1 |b slo |c STUSCHK1 |e AACR2 | ||
| 100 | 1 | |a Paulíková, Helena |9 1051 | |
| 245 | 1 | |a Glutatión a pôsobenie cytostatík |c Helena Paulíková | |
| 260 | |a Bratislava |b FCHPT STU |c 2008 | ||
| 300 | |a 47 s. |b il. + príloha |c 30 cm | ||
| 500 | |a Obháj.: 27.10.2008 | ||
| 500 | |a Ústav experimentálnej onkológie SAV, Bratislava | ||
| 650 | 0 | |a glutatión | |
| 650 | 0 | |a pôsobenie cytostatík | |
| 910 | |a SCHK95 | ||
| 999 | |c 10944 |d 10944 | ||